[Event "South Wales Autumn op"]
[Site "Pencoed"]
[Date "2015.10.09"]
[Round "1"]
[White "Trickey, Andrew John"]
[Black "Kett, Timothy"]
[Result "0-1"]
[WhiteElo "1673"]
[BlackElo "2195"]
[PlyCount "34"]
[EventDate "2015.10.09"]
[EventType "swiss"]
[EventRounds "5"]
[EventCountry "WLS"]
[SourceTitle "EXT 2018"]
[Source "ChessBase"]
[SourceDate "2017.10.13"]
[SourceVersion "1"]
[SourceVersionDate "2017.10.13"]
[SourceQuality "1"]

1. b3 e5 2. Bb2 Nc6 3. e3 Nf6 4. c4 d5 5. cxd5 Nxd5 6. Bb5 Bd6 7. Nf3 0-0 8. Bxc6 bxc6 9. Bxe5 Nb4 10. 0-0 Ba6 11. Bxd6 Qxd6 12. a3 Bxf1 13. axb4 Bd3 14. Nc3 Rfb8 15. Na2 a5 16. bxa5 Rxa5 17. Nc3 Rba8 0-1

[Event "WLS-chT 1415"]
[Site "Cardiff"]
[Date "2015.04.12"]
[Round "6.18"]
[White "Van Kemenade, Julie"]
[Black "Trickey, Andrew John"]
[Result "0-1"]
[WhiteElo "1736"]
[BlackElo "1648"]
[PlyCount "80"]
[EventDate "2014.10.19"]
[EventType "team-swiss"]
[EventRounds "7"]
[EventCountry "WLS"]
[SourceTitle "EXT 2016"]
[Source "ChessBase"]
[SourceDate "2015.10.08"]
[SourceVersion "1"]
[SourceVersionDate "2015.10.08"]
[SourceQuality "1"]

1. e4 d5 2. exd5 Qxd5 3. Nc3 Qd6 4. d4 Nf6 5. h3 c6 6. Nf3 Bf5 7. Bc4 e6 8. 0-0 Be7 9. Bb3 0-0 10. Re1 Na6 11. Bg5 Nc7 12. Bh4 Rad8 13. Bg3 Qd7 14. Qe2 Qc8 15. Rad1 Ncd5 16. Nxd5 cxd5 17. Be5 Ne4 18. c3 Bd6 19. Bc2 Bxe5 20. Nxe5 f6 21. Nf3 Ng5 22. Bb3 Nxf3+ 23. Qxf3 b5 24. Rd2 a5 25. a3 Qd7 26. Qe2 Rfe8 27. Qe3 Kf8 28. Rde2 Qd6 29. g4 Bg6 30. g5 Kf7 31. gxf6 gxf6 32. Qh6 Rg8 33. Kh1 Rde8 34. f3 Bd3 35. Rg2 Rxg2 36. Kxg2 Rg8+ 37. Kh1 Qg3 38. Qh5+ Bg6 39. Qg4 Qxe1+ 40. Kh2 Bf5 0-1

[Event "WLS-chT 1415"]
[Site "Cardiff"]
[Date "2014.12.14"]
[Round "3.5"]
[White "Fox, Chris"]
[Black "Trickey, Andrew John"]
[Result "1-0"]
[WhiteElo "1760"]
[BlackElo "1663"]
[PlyCount "51"]
[EventDate "2014.10.19"]
[EventType "team-swiss"]
[EventRounds "7"]
[EventCountry "WLS"]
[SourceTitle "EXT 2016"]
[Source "ChessBase"]
[SourceDate "2015.10.08"]
[SourceVersion "1"]
[SourceVersionDate "2015.10.08"]
[SourceQuality "1"]

1. d4 d6 2. Nc3 g6 3. e4 Bg7 4. Be3 a6 5. Qd2 b5 6. f3 Bb7 7. Nh3 Nd7 8. Be2 Ngf6 9. Nf2 Nb6 10. Bh6 Bxh6 11. Qxh6 b4 12. Ncd1 Qd7 13. Ne3 Na4 14. Nd3 a5 15. Rd1 Ba6 16. Rb1 Qb5 17. Nf4 Qb6 18. Ned5 Nxd5 19. Nxd5 Qc6 20. Bxa6 Rxa6 21. 0-0 e6 22. Qg7 exd5 23. Qxh8+ Ke7 24. exd5 Qxd5 25. Rfe1+ Kd7 26. Qe8# 1-0

[Event "Tom Weston Major op"]
[Site "Cardiff"]
[Date "2009.04.11"]
[Round "3"]
[White "Day, Sean"]
[Black "Trickey, Andrew John"]
[Result "1-0"]
[WhiteElo "1401"]
[BlackElo "1415"]
[PlyCount "113"]
[EventDate "2009.04.10"]
[EventType "swiss"]
[EventRounds "7"]
[EventCountry "WLS"]
[SourceTitle "EXT 2011"]
[Source "ChessBase"]
[SourceDate "2010.11.26"]
[SourceVersion "1"]
[SourceVersionDate "2010.11.26"]
[SourceQuality "1"]

1. Nf3 c6 2. g3 Nf6 3. Bg2 d5 4. d4 Bg4 5. 0-0 Nbd7 6. Bg5 h6 7. Bf4 Bxf3 8. Bxf3 e6 9. Nd2 Nb6 10. c3 Bd6 11. Bxd6 Qxd6 12. Re1 0-0-0 13. e4 Qe7 14. a4 g5 15. b4 g4 16. Bxg4 Nxg4 17. Qxg4 Qg5 18. Qxg5 hxg5 19. b5 Rh3 20. Kg2 Rdh8 21. Rh1 Nd7 22. Nf3 f6 23. exd5 exd5 24. Rae1 Kd8 25. bxc6 bxc6 26. Nd2 R3h7 27. Nb3 Re8 28. Rxe8+ Kxe8 29. Re1+ Kd8 30. Na5 Kc7 31. Re6 Nb6 32. Nxc6 Nxa4 33. Rxf6 Nxc3 34. Na5 Nb5 35. Nb3 Re7 36. Rf5 Nc3 37. Rxg5 Kb6 38. h4 Kb5 39. h5 Kc4 40. Nd2+ Kxd4 41. h6 Rh7 42. Rg7 Rxh6 43. Rxa7 Re6 44. Ra3 Re2 45. Nf3+ Kd3 46. Kf1 d4 47. Nxd4 Kxd4 48. Rxc3 Rxf2+ 49. Kxf2 Kxc3 50. Kf3 Kd4 51. Kf4 Kd5 52. Kf5 Kd6 53. Kf6 Kd7 54. g4 Ke8 55. g5 Kf8 56. g6 Kg8 57. g7 1-0

[Event "John Bishop Minor op"]
[Site "Wales"]
[Date "2008.03.22"]
[Round "2"]
[White "Trickey, Andrew John"]
[Black "Williams, Vince"]
[Result "0-1"]
[WhiteElo "1219"]
[BlackElo "1429"]
[PlyCount "82"]
[EventDate "2008.03.21"]
[EventType "swiss"]
[EventRounds "7"]
[EventCountry "WLS"]
[SourceTitle "EXT 2010"]
[Source "ChessBase"]
[SourceDate "2010.11.25"]
[SourceVersion "1"]
[SourceVersionDate "2010.11.25"]
[SourceQuality "1"]

1. e4 d5 2. exd5 Qxd5 3. Nc3 Qa5 4. Nf3 Bf5 5. Be2 e6 6. 0-0 Bb4 7. Nb5 Nf6 8. c3 Be7 9. b4 Qb6 10. Nbd4 Bg6 11. a4 c6 12. Nb3 Nbd7 13. d4 Qc7 14. Re1 Ne4 15. Bb2 Ndf6 16. Bd3 Rd8 17. Nbd2 Nxd2 18. Qxd2 Bh5 19. Be2 0-0 20. Qc2 Nd5 21. Ne5 Bxe2 22. Qxe2 Bd6 23. Qf3 Nb6 24. a5 Nd7 25. Qg3 f6 26. Nxd7 Bxg3 27. Nxf8 Bxh2+ 28. Kf1 Kxf8 29. Rxe6 Re8 30. Rxe8+ Kxe8 31. Re1+ Kf7 32. Re4 Bd6 33. Bc1 Qd7 34. f3 Qf5 35. Kf2 Qb5 36. g3 Qd3 37. Bb2 Qd2+ 38. Re2 Qg5 39. g4 Qh4+ 40. Kf1 Bg3 41. Rg2 Qh1+ 0-1

[Event "IECC CL8-2007.03 email"]
[Site "IECC email"]
[Date "2007.06.03"]
[Round "?"]
[White "Davidson, Allan D"]
[Black "Trickey, Andrew John"]
[Result "1-0"]
[WhiteElo "947"]
[BlackElo "850"]
[PlyCount "35"]
[EventDate "2007.??.??"]
[EventType "tourn (corr)"]
[EventRounds "4"]
[SourceTitle "Corr 2011"]
[Source "ChessBase"]
[SourceDate "2010.08.31"]
[SourceVersion "1"]
[SourceVersionDate "2010.08.31"]
[SourceQuality "1"]
[WhiteTeam "Italy"]
[BlackTeam "Chile"]
[WhiteTeamCountry "ITA"]
[BlackTeamCountry "CHI"]

1. e4 e5 2. Nf3 Nc6 3. Bb5 Nf6 4. d3 a6 5. Ba4 b5 6. Bb3 d5 7. exd5 Nxd5 8. Bxd5 Qxd5 9. Nc3 Bb4 10. 0-0 Bxc3 11. bxc3 Bg4 12. Re1 0-0 13. h3 Bxf3 14. Qxf3 Qxf3 15. gxf3 f6 16. Ba3 Rfe8 17. Bc1 Na5 18. Ba3 1-0

[Event "IECC CL8-2007.03 email"]
[Site "IECC email"]
[Date "2007.06.03"]
[Round "?"]
[White "Schofield, Antony"]
[Black "Trickey, Andrew John"]
[Result "1-0"]
[WhiteElo "1025"]
[BlackElo "827"]
[PlyCount "31"]
[EventDate "2007.??.??"]
[EventType "tourn (corr)"]
[EventRounds "4"]
[SourceTitle "Corr 2011"]
[Source "ChessBase"]
[SourceDate "2010.08.31"]
[SourceVersion "1"]
[SourceVersionDate "2010.08.31"]
[SourceQuality "1"]
[WhiteTeam "Italy"]
[BlackTeam "Chile"]
[WhiteTeamCountry "ITA"]
[BlackTeamCountry "CHI"]

1. e4 e5 2. Nf3 Nc6 3. Bb5 Nf6 4. Nc3 a6 5. Ba4 b5 6. Bb3 d5 7. Qe2 Bc5 8. 0-0 0-0 9. Nxd5 Be6 10. d3 Nxd5 11. exd5 Bxd5 12. Nxe5 Re8 13. Bf4 Nd4 14. Qd2 Nxb3 15. axb3 Qf6 16. Rfe1 1-0

[Event "IECC CL8-2007.03 email"]
[Site "IECC email"]
[Date "2007.06.03"]
[Round "?"]
[White "Trickey, Andrew John"]
[Black "Mitchell, TT."]
[Result "0-1"]
[WhiteElo "864"]
[BlackElo "918"]
[PlyCount "32"]
[EventDate "2007.??.??"]
[EventType "tourn (corr)"]
[EventRounds "4"]
[SourceTitle "Corr 2011"]
[Source "ChessBase"]
[SourceDate "2010.08.31"]
[SourceVersion "1"]
[SourceVersionDate "2010.08.31"]
[SourceQuality "1"]
[WhiteTeam "Italy"]
[BlackTeam "Chile"]
[WhiteTeamCountry "ITA"]
[BlackTeamCountry "CHI"]

1. e4 b6 2. Bc4 Ba6 3. Qe2 Bxc4 4. Qxc4 c6 5. Nf3 b5 6. Qb3 f6 7. d4 Qb6 8. Be3 e6 9. c3 Qa6 10. 0-0 Be7 11. Re1 g5 12. e5 f5 13. Nxg5 Bxg5 14. Bxg5 h6 15. Bh4 Rh7 16. Qb4 Rf7 0-1

[Event "IECC M2-2007.T22"]
[Site "IECC email"]
[Date "2007.05.24"]
[Round "?"]
[White "Dotti Contra, Alessandro"]
[Black "Trickey, Andrew John"]
[Result "1-0"]
[WhiteElo "1155"]
[BlackElo "807"]
[PlyCount "41"]
[EventDate "2007.??.??"]
[EventType "match (corr)"]
[EventRounds "2"]
[SourceTitle "Corr 2011"]
[Source "ChessBase"]
[SourceDate "2010.08.31"]
[SourceVersion "1"]
[SourceVersionDate "2010.08.31"]
[SourceQuality "1"]
[WhiteTeam "US of America"]
[BlackTeam "South Africa"]
[WhiteTeamCountry "USA"]
[BlackTeamCountry "RSA"]

1. e4 e5 2. Nf3 d6 3. Bc4 a6 4. 0-0 b5 5. Bd5 c6 6. Bb3 Nf6 7. d3 Be7 8. Nc3 0-0 9. Ng5 d5 10. Be3 Ng4 11. Bd2 Bxg5 12. a4 Bxd2 13. Qxd2 d4 14. Na2 Nd7 15. Nb4 Bb7 16. Qe2 Ndf6 17. Qf3 c5 18. Nd5 Nxd5 19. Bxd5 Bxd5 20. Qxg4 Be6 21. Qg3 1-0

[Event "IECC M2-2007.T22"]
[Site "IECC email"]
[Date "2007.05.24"]
[Round "?"]
[White "Trickey, Andrew John"]
[Black "Dotti Contra, Alessandro"]
[Result "0-1"]
[WhiteElo "812"]
[BlackElo "1150"]
[PlyCount "38"]
[EventDate "2007.??.??"]
[EventType "match (corr)"]
[EventRounds "2"]
[SourceTitle "Corr 2011"]
[Source "ChessBase"]
[SourceDate "2010.08.31"]
[SourceVersion "1"]
[SourceVersionDate "2010.08.31"]
[SourceQuality "1"]
[WhiteTeam "US of America"]
[BlackTeam "South Africa"]
[WhiteTeamCountry "USA"]
[BlackTeamCountry "RSA"]

1. e4 Nc6 2. d4 e5 3. Nf3 d6 4. Bc4 Nh6 5. dxe5 dxe5 6. 0-0 Bd6 7. Bxh6 gxh6 8. Nc3 Bd7 9. Bd5 Ne7 10. Bxb7 Rb8 11. Bd5 Bg4 12. Bxf7+ Kxf7 13. Nxe5+ Bxe5 14. Qxg4 Rxb2 15. Qh5+ Ng6 16. Qf5+ Qf6 17. Qd7+ Qe7 18. Qxe7+ Kxe7 19. Nd5+ Kf7 0-1

[Event "IECC O-2597"]
[Site "IECC email"]
[Date "2007.05.23"]
[Round "?"]
[White "Schofield, Antony"]
[Black "Trickey, Andrew John"]
[Result "1-0"]
[WhiteElo "1016"]
[BlackElo "878"]
[PlyCount "40"]
[EventDate "2007.??.??"]
[EventType "swiss (corr)"]
[EventRounds "2"]
[SourceTitle "Corr 2011"]
[Source "ChessBase"]
[SourceDate "2010.08.31"]
[SourceVersion "1"]
[SourceVersionDate "2010.08.31"]
[SourceQuality "1"]
[WhiteTeam "US of America"]
[BlackTeam "South Africa"]
[WhiteTeamCountry "USA"]
[BlackTeamCountry "RSA"]

1. e4 e5 2. Nf3 d6 3. d4 Nf6 4. Nc3 Be7 5. Bc4 0-0 6. 0-0 c5 7. d5 Nbd7 8. Be3 Nb6 9. Qe2 Bg4 10. b3 Nxc4 11. bxc4 Qa5 12. Bd2 Nxe4 13. Nxe4 Bxf3 14. Qxf3 Qa4 15. Qg3 Qxc2 16. Bh6 g6 17. Bxf8 Rxf8 18. Ng5 Qxc4 19. Qh3 Bxg5 20. Rfd1 f5 1-0

[Event "IECC O-2596"]
[Site "IECC email"]
[Date "2007.05.22"]
[Round "?"]
[White "Trickey, Andrew John"]
[Black "Laramore, Victor"]
[Result "0-1"]
[WhiteElo "963"]
[BlackElo "1206"]
[PlyCount "62"]
[EventDate "2007.??.??"]
[EventType "swiss (corr)"]
[EventRounds "2"]
[SourceTitle "Corr 2011"]
[Source "ChessBase"]
[SourceDate "2010.08.31"]
[SourceVersion "1"]
[SourceVersionDate "2010.08.31"]
[SourceQuality "1"]
[WhiteTeam "US of America"]
[BlackTeam "South Africa"]
[WhiteTeamCountry "USA"]
[BlackTeamCountry "RSA"]

1. e4 c5 2. d4 cxd4 3. c3 dxc3 4. Nxc3 Nc6 5. Nf3 d6 6. Bc4 h6 7. 0-0 a6 8. a3 e6 9. Re1 Nf6 10. e5 dxe5 11. Qxd8+ Kxd8 12. Be3 Ke8 13. Rad1 g5 14. Bb6 Nd7 15. Na4 Be7 16. b4 g4 17. Nxe5 Ndxe5 18. Bb3 Nd7 19. Bc5 Nxc5 20. bxc5 Rb8 21. Rc1 Nd4 22. Bd1 f5 23. Rc3 Kf7 24. Nb6 Nb5 25. Rc1 Bg5 26. Ra1 Bf6 27. Ra2 Bc3 28. Ree2 Rd8 29. Bb3 Nd4 30. Re3 Nxb3 31. g3 Nc1 0-1

[Event "IECC TH-M-2750"]
[Site "IECC email"]
[Date "2007.05.21"]
[Round "?"]
[White "Reni, Norbert"]
[Black "Trickey, Andrew John"]
[Result "1-0"]
[WhiteElo "1061"]
[BlackElo "933"]
[PlyCount "59"]
[EventDate "2007.??.??"]
[EventType "match (corr)"]
[EventRounds "2"]
[SourceTitle "Corr 2011"]
[Source "ChessBase"]
[SourceDate "2010.08.31"]
[SourceVersion "1"]
[SourceVersionDate "2010.08.31"]
[SourceQuality "1"]
[WhiteTeam "Italy"]
[BlackTeam "Argentina"]
[WhiteTeamCountry "ITA"]
[BlackTeamCountry "ARG"]

1. e4 c5 2. d4 cxd4 3. c3 dxc3 4. Nxc3 Nc6 5. Nf3 d6 6. Bc4 Bg4 7. Qb3 Bxf3 8. Bxf7+ Kd7 9. Qxb7+ Qc7 10. Qxa8 Nd8 11. Qd5 Nf6 12. Qf5+ e6 13. Bxe6+ Nxe6 14. Qxf3 Nd4 15. Qd3 Ne6 16. Be3 Be7 17. 0-0 Rb8 18. b3 Ng4 19. Bd2 d5 20. Qh3 Qxh2+ 21. Qxh2 Nxh2 22. Kxh2 d4 23. Ne2 Bd6+ 24. f4 g5 25. g3 Rc8 26. f5 Nc5 27. Nxd4 Nxe4 28. Be1 Be5 29. Kh3 Bxd4 30. Rd1 1-0

[Event "IECC O-2595"]
[Site "IECC email"]
[Date "2007.05.20"]
[Round "?"]
[White "Redpath, Alan"]
[Black "Trickey, Andrew John"]
[Result "1-0"]
[WhiteElo "999"]
[BlackElo "923"]
[PlyCount "45"]
[EventDate "2007.??.??"]
[EventType "swiss (corr)"]
[EventRounds "2"]
[SourceTitle "Corr 2011"]
[Source "ChessBase"]
[SourceDate "2010.08.31"]
[SourceVersion "1"]
[SourceVersionDate "2010.08.31"]
[SourceQuality "1"]
[WhiteTeam "US of America"]
[BlackTeam "South Africa"]
[WhiteTeamCountry "USA"]
[BlackTeamCountry "RSA"]

1. e4 c6 2. d4 d5 3. e5 Bf5 4. Nf3 e6 5. Bd3 Ne7 6. 0-0 b5 7. b3 a5 8. c4 Bxd3 9. Qxd3 bxc4 10. bxc4 dxc4 11. Qxc4 Qd5 12. Qd3 Nf5 13. Nc3 Qd8 14. Bg5 Be7 15. Bxe7 Qxe7 16. Rab1 0-0 17. Rb2 Na6 18. Qc4 Rfd8 19. Rfb1 Rab8 20. Qxa6 Rxb2 21. Rxb2 Qa3 22. Nd1 h6 23. Qxc6 1-0

[Event "IECC KO-1068"]
[Site "IECC email"]
[Date "2007.04.04"]
[Round "?"]
[White "Trickey, Andrew John"]
[Black "Moyer, Terrence"]
[Result "0-1"]
[WhiteElo "856"]
[BlackElo "987"]
[PlyCount "60"]
[EventDate "2007.??.??"]
[EventType "match (corr)"]
[EventRounds "2"]
[SourceTitle "Corr 2020"]
[Source "ChessBase"]
[SourceDate "2019.09.30"]
[SourceVersion "1"]
[SourceVersionDate "2019.09.30"]
[SourceQuality "1"]
[WhiteTeam "Wales"]
[BlackTeam "Canada"]
[WhiteTeamCountry "WLS"]
[BlackTeamCountry "CAN"]

1. d4 d5 2. Nc3 Nf6 3. Bf4 Nc6 4. Nf3 Bg4 5. e3 Bf5 6. Bd3 Ne4 7. Nxe4 dxe4 8. Nh4 Qd7 9. Nxf5 Qxf5 10. Be2 Qa5+ 11. c3 e6 12. 0-0 0-0-0 13. a3 Bd6 14. Bxd6 Rxd6 15. b4 Qg5 16. f4 Qf6 17. a4 Rhd8 18. b5 Ne7 19. Qc2 Qf5 20. c4 c6 21. c5 R6d7 22. bxc6 Nxc6 23. g4 Qd5 24. Bc4 Nxd4 25. exd4 Qxd4+ 26. Rf2 Qxc5 27. Qxe4 Rd4 28. Bxe6+ fxe6 29. Qxe6+ Kb8 30. Re1 Rxf4 0-1

[Event "IECC CL7-2007.03 email"]
[Site "IECC email"]
[Date "2007.02.20"]
[Round "?"]
[White "Todd, Daniel"]
[Black "Trickey, Andrew John"]
[Result "1-0"]
[WhiteElo "1204"]
[BlackElo "1091"]
[PlyCount "51"]
[EventDate "2007.??.??"]
[EventType "tourn (corr)"]
[EventRounds "4"]
[SourceTitle "Corr 2008"]
[Source "ChessBase"]
[SourceDate "2008.06.24"]
[SourceVersion "1"]
[SourceVersionDate "2008.06.24"]
[SourceQuality "1"]
[WhiteTeam "US of America"]
[BlackTeam "Wales"]
[WhiteTeamCountry "USA"]
[BlackTeamCountry "WLS"]

1. e4 e5 2. Nf3 Nc6 3. c3 Nf6 4. d4 exd4 5. e5 dxc3 6. exf6 Qxf6 7. Nxc3 Bb4 8. Bd2 0-0 9. Be2 d6 10. 0-0 Be6 11. Bb5 Nd4 12. Nxd4 Qxd4 13. a3 Bg4 14. Qc2 c6 15. axb4 cxb5 16. Nxb5 Qb6 17. Qd3 Rfe8 18. Rfe1 a6 19. Nxd6 Rxe1+ 20. Rxe1 Rd8 21. Qd5 h6 22. Qxf7+ Kh7 23. Bc3 Rd7 24. Re7 Rxe7 25. Qxe7 Qc6 26. Qxg7# 1-0

[Event "IECC CL7-2007.03 email"]
[Site "IECC email"]
[Date "2007.02.20"]
[Round "?"]
[White "Trickey, Andrew John"]
[Black "Christianson, Gary"]
[Result "0-1"]
[WhiteElo "1100"]
[BlackElo "1098"]
[PlyCount "66"]
[EventDate "2007.??.??"]
[EventType "tourn (corr)"]
[EventRounds "4"]
[SourceTitle "Corr 2008"]
[Source "ChessBase"]
[SourceDate "2008.06.24"]
[SourceVersion "1"]
[SourceVersionDate "2008.06.24"]
[SourceQuality "1"]
[WhiteTeam "Wales"]
[BlackTeam "US of America"]
[WhiteTeamCountry "WLS"]
[BlackTeamCountry "USA"]

1. e4 c5 2. d4 cxd4 3. Nf3 Nc6 4. c3 dxc3 5. Nxc3 e5 6. Bc4 Nf6 7. Bg5 Be7 8. 0-0 h6 9. Bxf6 Bxf6 10. Qd5 0-0 11. Bb5 Nd4 12. Nxe5 d6 13. Ng6 Be6 14. Qh5 fxg6 15. Qxg6 Bg5 16. e5 dxe5 17. Rad1 a6 18. Bd3 Rf6 19. Qh7+ Kf7 20. Ne4 Bf5 21. Nxg5+ hxg5 22. Bxf5 Rh6 23. Be6+ Rxe6 24. Qe4 b5 25. Rxd4 exd4 26. Qf5+ Qf6 27. Qd5 Rd8 28. Qb7+ Re7 29. Qf3 Qxf3 30. gxf3 d3 31. Kg2 d2 32. Rd1 Re1 33. Rxe1 dxe1Q 0-1